000 01000nam0a22002531 4500
001 rc\2617570
005 20230502181937.0
035 _a(NLR Aleph) 006781302
090 _a6047112
_c6047112
100 _a20110914d1931 |||y0rusy50 ca
101 0 _arus
102 _aRU
105 _aa z |||||
200 1 _aКурс микробиологии инфекционных болезней сельскохозяйственных животных
_eСпециальная часть
210 _aМосква
_aЛенинград
_cОгиз - Гос. изд-во с.-х. и колхоз.-кооп. лит-ры
_d1931
_eМосква
_gтип. "Красный пролетарий"
215 _a214 с., 2 с. объявл.
_cил.
_d24х16 см.
300 _aПеред загл.: "Под ред. В. Г. Уварова"
702 1 _aУваров
_bВ. Г.
_4340
801 0 _aRU
_bNLR
_gpsbo
801 1 _aRU
_bELAR
_2rusmarc
852 _aNLR
_j32-5/172
942 _cBOOK
980 _aNB